239 bài toán hình học khảo sát hàm số : Luyện thi đại học /
Đã lưu trong:
| Príomhúdar: | |
|---|---|
| Formáid: | Sách giấy |
| Teanga: | Vietnamese |
| Foilsithe: |
Tp. Hồ Chí Minh :
Trẻ,
2000.
|
| Ábhair: | |
| Clibeanna: |
Cuir Clib Leis
Gan Chlibeanna, Bí ar an gcéad duine leis an taifead seo a chlibeáil!
|
| Thư viện lưu trữ: | Thư viện Trường Đại học Đà Lạt |
|---|
| LEADER | 00781nam a2200313 4500 | ||
|---|---|---|---|
| 001 | DLU090102948 | ||
| 005 | ##20091228 | ||
| 040 | # | # | |a DLU |b vie |
| 041 | # | # | |a vie |
| 044 | # | # | |a vn |
| 082 | # | # | |a 516.007 6 |b HO-T |
| 100 | # | # | |a Hồ Văn Thông. |
| 245 | # | # | |a 239 bài toán hình học khảo sát hàm số : |b Luyện thi đại học / |c Hồ Văn Thông. |
| 260 | # | # | |a Tp. Hồ Chí Minh : |b Trẻ, |c 2000. |
| 300 | # | # | |a 315 tr. ; |c 21 cm. |
| 653 | # | # | |a Hình học |
| 653 | # | # | |a Khảo sát hàm số |
| 653 | # | # | |a Sách bài tập |
| 923 | # | # | |a 15/2009 |
| 991 | # | # | |a GT |
| 992 | # | # | |a 20000 |
| 994 | # | # | |a DLU |
| 900 | # | # | |a True |
| 911 | # | # | |a Đào Thị Thu Huyền |
| 925 | # | # | |a G |
| 926 | # | # | |a A |
| 927 | # | # | |a SH |
| 980 | # | # | |a Thư viện Trường Đại học Đà Lạt |